Trigonometría plana (Registro nro. 1570)
[ vista simple ]
| 000 -LEADER | |
|---|---|
| fixed length control field | 01113 a2200217 4500 |
| 001 - CONTROL NUMBER | |
| control field | 27255 |
| 005 - DATE AND TIME OF LATEST TRANSACTION | |
| control field | 20260407155549.0 |
| 008 - FIXED-LENGTH DATA ELEMENTS--GENERAL INFORMATION | |
| fixed length control field | 260407a1959 arg spa d |
| 003 - CONTROL NUMBER IDENTIFIER | |
| control field | AR-UNSa-BCEJYS |
| 040 ## - CATALOGING SOURCE | |
| Original cataloging agency | AR-UNSa-BCEJYS |
| Language of cataloging | spa |
| Transcribing agency | AR-UNSa-BCEJYS |
| 080 ## - UNIVERSAL DECIMAL CLASSIFICATION NUMBER | |
| Universal Decimal Classification number | 514.11 |
| Common auxiliary subdivision | Geometría elemental. Trigonometría y poligonometría |
| 041 ## - LANGUAGE CODE | |
| Language code of text/sound track or separate title | spa |
| 100 1# - MAIN ENTRY--PERSONAL NAME | |
| Personal name | Rees, Paul K. |
| 245 10 - TITLE STATEMENT | |
| Title | Trigonometría plana |
| 264 #1 - PRODUCTION, PUBLICATION, DISTRIBUTION, MANUFACTURE, AND COPYRIGHT NOTICE | |
| Place of production, publication, distribution, manufacture | Barcelona : |
| Name of producer, publisher, distributor, manufacturer | Reverté |
| Date of production, publication, distribution, manufacture, or copyright notice | 1959 |
| 300 ## - PHYSICAL DESCRIPTION | |
| Extent | 216 p. |
| Dimensions | 23 cm. |
| 505 ## - FORMATTED CONTENTS NOTE | |
| Formatted contents note | 1.Funciones trigonométricas – 2. Resolución de triángulos rectángulos – 3. Identidades fundamentales – 4. Reducción de funciones trigonométricas al primer cuadrante – 5. Medida angular – 6. Variación y gráficas de las funciones trigonométricas – 7. Funciones de un ángulo compuesto – 8. Logaritmos – 9. Resolución logarítmica de triángulos rectángulos – 10. Triángulos oblicuángulos – 11. Ecuaciones trigonométricas – 12. Funciones trigonométricas inversas – 13. Números complejos. |
| 590 ## - LOCAL NOTE (RLIN) | |
| Local note | niveau_biblio:m niveau_hierar:0 |
| 700 1# - ADDED ENTRY--PERSONAL NAME | |
| Personal name | Sparks, Fred W. |
| 942 ## - ADDED ENTRY ELEMENTS (KOHA) | |
| Koha item type | |
| Withdrawn status | Lost status | Damaged status | Not for loan | Home library | Current library | Shelving location | Date acquired | Total checkouts | Full call number | Barcode | Date last seen | Price effective from | Koha item type |
|---|---|---|---|---|---|---|---|---|---|---|---|---|---|
| Biblioteca Prof. Eusebio Cleto del Rey | Biblioteca Prof. Eusebio Cleto del Rey | 07/04/2026 | 514.11 S736 | L21993 | 07/04/2026 | 07/04/2026 | Libro | ||||||
| Biblioteca Prof. Eusebio Cleto del Rey | Biblioteca Prof. Eusebio Cleto del Rey | 07/04/2026 | 514.11 S736 | L21990 | 07/04/2026 | 07/04/2026 | Libro |